| 000 | 00646nmm a2200229 a 4500 | ||
|---|---|---|---|
| 003 | AR-BaBNM | ||
| 005 | 20251128203616.0 | ||
| 008 | 127019s1963 ||||||||||||||000 | spa|| | ||
| 040 | _cAR-BaBNM | ||
| 100 | 1 | _aHurtado de Mendoza, Diego | |
| 245 | 1 | 0 | _aLa vida de lazarillo de Tormes y de sus fortunas y adversidades |
| 260 |
_aBuenos Aires _bSopena _c1963 |
||
| 300 | _a173 p. | ||
| 500 | _aEdición anotada que contiene el texto antiguo y el moderno | ||
| 650 | 4 | _aLITERATURA ESPANOLA | |
| 650 | 4 | _aRENACIMIENTO | |
| 650 | 4 | _aANALISIS LITERARIO | |
| 653 | _aNOVELA PICARESCA | ||
| 655 | _aLITERATURA | ||
| 942 | _cBK | ||
| 998 | _claura | ||
| 999 |
_c4117 _d4117 |
||